000
00311nam a2200109Ia 4500
008
171205s9999 xx 000 0 und d
020
_a
9781472921147
100
_a
Gedge, Nancy.
245
_c
Nancy Gedge
_a
Inclusion for Primary School Teachers
260
_b
Bloomsbury Publishing Plc
_c
2016
300
_a
172 pages
999
_c
347421
_d
347421